Statistics for U.S. Word Scramble

Click here to take the quiz!

General Stats

  • This quiz has been taken 912 times
    (909 since last reset)
  • The average score is 14 of 15

Answer Stats

HintAnswer% Correct
AbalamaAlabama
99%
ZarionaArizona
97%
HidaoIdaho
97%
LamryandMaryland
97%
HooiOhio
97%
YtuckenkKentucky
96%
XeatsTexas
96%
LirfodaFlorida
95%
IlnosilIllinois
95%
TuhaUtah
95%
VadenaNevada
93%
Oykr WenNew York
93%
GeornoOregon
90%
InfaarlicoCalifornia
88%
GivrainiVirginia
87%

Score Distribution

Percentile by Number Answered

Percent of People with Each Score

Your Score History

You have not taken this quiz since the last reset